[Event "Montevideo Duchamp Cup 7th"]
[Site "Montevideo"]
[Date "2024.02.06"]
[Round "6"]
[White "Ramos, Matias"]
[Black "Nakle, Gonzalo"]
[Result "0-1"]
[WhiteElo "1754"]
[BlackElo "1557"]
[PlyCount "90"]
[EventDate "2024.02.01"]
[EventType "swiss"]
[EventRounds "9"]
[EventCountry "URU"]
[SourceTitle "CB07_2024"]
[SourceDate "2024.02.14"]
[SourceVersion "1"]
[SourceVersionDate "2024.02.14"]
[SourceQuality "1"]

1. e4 c5 2. Nf3 d6 3. c4 Nc6 4. Nc3 g6 5. h3 Bg7 6. d3 Qa5 7. Bd2 Qd8 8. Be2 a6 9. 0-0 Nf6 10. Rb1 0-0 11. a3 b5 12. cxb5 axb5 13. Nxb5 Ba6 14. Nc3 Nd7 15. Bf4 Nd4 16. Nxd4 cxd4 17. Na2 Nc5 18. Nb4 Bb5 19. Bg3 e6 20. f4 Qb6 21. f5 Bh6 22. fxg6 fxg6 23. Bf3 Ra4 24. Be2 Raa8 25. Bf2 Nxe4 26. dxe4 Rxf2 27. Bxb5 Rxf1+ 28. Qxf1 d3+ 29. Kh1 Qxb5 30. Qxd3 Qxd3 31. Nxd3 Ra4 32. Nb4 Be3 33. Rd1 Bc5 34. Nd3 Rxe4 35. Nxc5 dxc5 36. Rc1 c4 37. Rc2 Kf7 38. Rd2 Ke7 39. Kg1 e5 40. Kf2 Rd4 41. Rc2 Rf4+ 42. Ke2 Kd6 43. Rd2+ Rd4 44. a4 Kc5 45. Rxd4 exd4 0-1

[Event "Montevideo Duchamp Cup 7th"]
[Site "Montevideo"]
[Date "2024.02.05"]
[Round "5"]
[White "Nakle, Gonzalo"]
[Black "Chamlian, Aram"]
[Result "0-1"]
[WhiteElo "1557"]
[BlackElo "1727"]
[PlyCount "54"]
[EventDate "2024.02.01"]
[EventType "swiss"]
[EventRounds "9"]
[EventCountry "URU"]
[SourceTitle "CB07_2024"]
[SourceDate "2024.02.14"]
[SourceVersion "1"]
[SourceVersionDate "2024.02.14"]
[SourceQuality "1"]

1. d4 d5 2. c4 e6 3. Nc3 Nf6 4. Bg5 Nbd7 5. cxd5 exd5 6. Nxd5 Nxd5 7. Nf3 Be7 8. Bxe7 Qxe7 9. e3 0-0 10. Bd3 N7f6 11. 0-0 Bg4 12. a3 Ne4 13. Rc1 c6 14. Qc2 f5 15. Ne5 Nef6 16. f3 Nxe3 17. Qb3+ Nfd5 18. fxg4 Nxf1 19. Rxf1 fxg4 20. Bxh7+ Kxh7 21. Qd3+ Kg8 22. Re1 Qf6 23. Nxg4 Qf5 24. Qh3 Rae8 25. Rd1 Re2 26. Qg3 Qf4 27. Qh4 Ne3 0-1

[Event "URU Regional Este"]
[Site "Punta del Este"]
[Date "2022.08.13"]
[Round "2"]
[White "Avedisian, Alexander"]
[Black "Nakle, Gonzalo"]
[Result "1-0"]
[WhiteElo "1845"]
[BlackElo "1590"]
[PlyCount "69"]
[EventDate "2022.08.12"]
[EventType "swiss"]
[EventRounds "5"]
[EventCountry "URU"]
[SourceTitle "EXT 2024"]
[Source "ChessBase"]
[SourceDate "2023.10.10"]
[SourceVersion "1"]
[SourceVersionDate "2023.10.10"]
[SourceQuality "1"]

1. Nf3 Nf6 2. g3 d5 3. Bg2 c5 4. 0-0 Nc6 5. d3 e6 6. Nbd2 Bd6 7. e4 dxe4 8. dxe4 e5 9. c3 Be6 10. Ng5 Qd7 11. Nxe6 Qxe6 12. Qe2 Rd8 13. Nc4 0-0 14. Be3 b6 15. Bg5 b5 16. Ne3 Ne7 17. Qxb5 Rb8 18. Qa6 Rxb2 19. Nc4 Rb6 20. Nxb6 axb6 21. Qxb6 Nd7 22. Qa6 f6 23. Rad1 Nc8 24. Bc1 Nb8 25. Qa4 Nb6 26. Qb3 Qxb3 27. axb3 Be7 28. Bh3 Kf7 29. f4 exf4 30. Bxf4 Nc6 31. e5 g5 32. exf6 gxf4 33. fxe7 Kxe7 34. Rfe1+ Kf7 35. Rd6 1-0

[Event "Montevideo Trebejos op 08"]
[Site "Montevideo"]
[Date "2021.08.22"]
[Round "5"]
[White "Aprahamian, Tomas"]
[Black "Nakle, Gonzalo"]
[Result "1-0"]
[WhiteElo "1584"]
[BlackElo "1630"]
[PlyCount "57"]
[EventDate "2021.08.20"]
[EventType "swiss"]
[EventRounds "5"]
[EventCountry "URU"]
[SourceTitle "CBM 204 Extra"]
[Source "ChessBase"]
[SourceDate "2021.11.30"]
[SourceVersion "1"]
[SourceVersionDate "2021.11.30"]
[SourceQuality "1"]

1. d4 Nf6 2. Nf3 g6 3. e3 Bg7 4. Be2 b6 5. c4 Bb7 6. Nc3 d6 7. b4 c5 8. a3 cxb4 9. axb4 0-0 10. Bb2 a5 11. bxa5 bxa5 12. Qb3 Bc6 13. 0-0 Na6 14. Ra3 Rb8 15. Qc2 Nb4 16. Qd2 Ne4 17. Nxe4 Bxe4 18. Ng5 Bc2 19. Rc1 Bf5 20. e4 Bd7 21. Bc3 e5 22. dxe5 Bxe5 23. f4 Bxc3 24. Rcxc3 Qb6+ 25. c5 dxc5 26. Qxd7 Rbd8 27. Qh3 c4+ 28. Kf1 Nc2 29. Qxh7# 1-0

[Event "Montevideo Trebejos op 08"]
[Site "Montevideo"]
[Date "2021.08.21"]
[Round "2"]
[White "Topolansky, Juan"]
[Black "Nakle, Gonzalo"]
[Result "1-0"]
[WhiteElo "1747"]
[BlackElo "1630"]
[PlyCount "67"]
[EventDate "2021.08.20"]
[EventType "swiss"]
[EventRounds "5"]
[EventCountry "URU"]
[SourceTitle "CBM 204 Extra"]
[Source "ChessBase"]
[SourceDate "2021.11.30"]
[SourceVersion "1"]
[SourceVersionDate "2021.11.30"]
[SourceQuality "1"]

1. e4 c5 2. Nf3 e6 3. d3 Nc6 4. g3 g6 5. Bg2 Bg7 6. Nbd2 b5 7. 0-0 Bb7 8. Re1 Nge7 9. Nf1 Qc7 10. c3 Rc8 11. Be3 h5 12. Bxc5 Ne5 13. Be3 Nxf3+ 14. Bxf3 h4 15. Rc1 hxg3 16. fxg3 f6 17. d4 Kf7 18. Bh1 Rh7 19. Qg4 Rch8 20. Bf4 Qc4 21. b3 Qc6 22. Rc2 f5 23. Qe2 e5 24. Bxe5 Bxe5 25. dxe5 Qc5+ 26. Qf2 Qxe5 27. exf5 Qc7 28. fxg6+ Kxg6 29. Be4+ Bxe4 30. Rxe4 Rf7 31. Rg4+ Kh5 32. Qxf7+ Kxg4 33. Qg7+ Kf3 34. Rf2+ 1-0

[Event "Montevideo Nazzari Memorial"]
[Site "Montevideo"]
[Date "2019.03.18"]
[Round "4"]
[White "Nakle, Gonzalo"]
[Black "Castro, Cesar"]
[Result "0-1"]
[WhiteElo "1686"]
[BlackElo "2080"]
[PlyCount "108"]
[EventDate "2019.03.11"]
[EventType "swiss"]
[EventRounds "7"]
[EventCountry "URU"]
[SourceTitle "CBM 189 Extra"]
[Source "ChessBase"]
[SourceDate "2019.06.03"]
[SourceVersion "1"]
[SourceVersionDate "2019.06.03"]
[SourceQuality "1"]

1. d4 d5 2. c4 e6 3. Nf3 Nf6 4. g3 c6 5. Bg2 Bd6 6. 0-0 0-0 7. Nc3 dxc4 8. e4 Bb4 9. Ne5 c5 10. Nxc4 cxd4 11. Qb3 Nc6 12. Rd1 Qe7 13. Nb5 e5 14. Bg5 Be6 15. Bxf6 gxf6 16. Qd3 Rac8 17. a3 a6 18. Nb6 axb5 19. Nxc8 Rxc8 20. axb4 Bc4 21. Qf3 Kh8 22. b3 Be6 23. Qh5 Bxb3 24. Rd3 Bc2 25. Rf3 Bxe4 26. Rfa3 Bg6 27. Qh6 d3 28. Bxc6 bxc6 29. Ra8 Qd8 30. Rxc8 Qxc8 31. Rd1 Kg8 32. h4 Qd8 33. h5 Bf5 34. Kh2 Qd4 35. Qd2 e4 36. h6 Kf8 37. Qa2 Ke7 38. Qd2 Be6 39. Re1 Bg4 40. Qf4 f5 41. Qc7+ Qd7 42. Qe5+ Qe6 43. Qc7+ Kf6 44. f4 Qa2+ 45. Kg1 Qd5 46. Qc8 Qd4+ 47. Kg2 Bf3+ 48. Kh3 Bg4+ 49. Kh4 Ke7 50. Qc7+ Qd7 51. Qe5+ Kf8 52. Ra1 Qe7+ 53. Qxe7+ Kxe7 54. Ra7+ Kf6 0-1

[Event "Montevideo Bouza Memorial"]
[Site "Montevideo"]
[Date "2017.07.12"]
[Round "1"]
[White "Caitano, Martin Joel"]
[Black "Nakle, Gonzalo"]
[Result "1-0"]
[WhiteElo "2017"]
[BlackElo "1736"]
[PlyCount "81"]
[EventDate "2017.07.12"]
[EventType "swiss"]
[EventRounds "7"]
[EventCountry "URU"]
[SourceTitle "EXT 2018"]
[Source "ChessBase"]
[SourceDate "2017.10.13"]
[SourceVersion "1"]
[SourceVersionDate "2017.10.13"]
[SourceQuality "1"]

1. d4 Nf6 2. c4 g6 3. Nc3 d5 4. cxd5 Nxd5 5. e4 Nxc3 6. bxc3 Bg7 7. Bc4 0-0 8. Ne2 c5 9. 0-0 Nc6 10. Be3 Bg4 11. f3 Na5 12. Bd3 cxd4 13. cxd4 Bd7 14. Qd2 Rc8 15. Rac1 b6 16. Bh6 Bc6 17. Bxg7 Kxg7 18. Qb2 Bb7 19. d5+ Kg8 20. Nd4 a6 21. Rxc8 Bxc8 22. a4 Bd7 23. Rb1 Qc7 24. Qxb6 Qc3 25. Bxa6 Bxa4 26. Qb2 Qe3+ 27. Qf2 Qc3 28. Ne2 Qd2 29. Qd4 Nb3 30. Qxa4 Nc5 31. Qb5 Qe3+ 32. Kh1 Ra8 33. Rc1 Nxa6 34. Qb7 Ra7 35. Rc8+ Kg7 36. Qb2+ f6 37. Qd4 Qxd4 38. Nxd4 Nb4 39. h3 h5 40. Ne6+ Kh6 41. Rh8# 1-0

[Event "URU-chTB"]
[Site "Uruguay"]
[Date "2017.07.07"]
[Round "1.3"]
[White "Casabona, Denis"]
[Black "Nakle, Gonzalo"]
[Result "1-0"]
[WhiteElo "1473"]
[BlackElo "1736"]
[PlyCount "81"]
[EventDate "2017.07.07"]
[EventType "team-swiss"]
[EventRounds "5"]
[EventCountry "URU"]
[SourceTitle "EXT 2018"]
[Source "ChessBase"]
[SourceDate "2017.10.13"]
[SourceVersion "1"]
[SourceVersionDate "2017.10.13"]
[SourceQuality "1"]
[WhiteTeam "LP Retornados"]
[BlackTeam "Cerro"]
[WhiteTeamCountry "URU"]
[BlackTeamCountry "URU"]

1. Nf3 Nf6 2. d4 g6 3. g3 Bg7 4. Bg2 0-0 5. Bg5 c5 6. e3 cxd4 7. exd4 Ne4 8. Bf4 Qa5+ 9. c3 Nc6 10. 0-0 d5 11. Nfd2 f5 12. Nb3 Qd8 13. N1d2 b6 14. Nxe4 fxe4 15. f3 exf3 16. Qxf3 e6 17. Qe3 Ne7 18. Nd2 Nf5 19. Qe2 a5 20. Qd1 Ra7 21. Nf3 Raf7 22. Qe2 Nd6 23. Ng5 Rf6 24. h4 Nf5 25. Qe1 Nxh4 26. Nf3 Nxf3+ 27. Rxf3 Rf5 28. Qe3 g5 29. Bb8 Rxf3 30. Bxf3 Qf6 31. Bg2 Ba6 32. Be5 Qf5 33. Re1 h6 34. a4 Bxe5 35. dxe5 Qc2 36. Qxb6 Bc8 37. Rf1 Rxf1+ 38. Bxf1 Qf5 39. Qxa5 Qf3 40. Qd8+ Qf8 41. Qc7 1-0

[Event "Montevideo Trebejos Autumn op"]
[Site "Montevideo"]
[Date "2017.04.24"]
[Round "1"]
[White "Nakle, Gonzalo"]
[Black "Arias Bouzada, Jorge"]
[Result "0-1"]
[WhiteElo "1745"]
[BlackElo "2076"]
[PlyCount "50"]
[EventDate "2017.04.24"]
[EventType "swiss"]
[EventRounds "7"]
[EventCountry "URU"]
[SourceTitle "CBM 178 Extra"]
[Source "ChessBase"]
[SourceDate "2017.06.22"]
[SourceVersion "1"]
[SourceVersionDate "2017.06.22"]
[SourceQuality "1"]

1. d4 c5 2. c4 cxd4 3. Nf3 Nc6 4. Nxd4 g6 5. e4 Bg7 6. Nxc6 bxc6 7. Nc3 Rb8 8. Be2 d6 9. 0-0 Nf6 10. f4 0-0 11. Bf3 Qa5 12. Qc2 Qc5+ 13. Rf2 Ng4 14. Bxg4 Bxg4 15. Kh1 Qxc4 16. Be3 d5 17. exd5 cxd5 18. Qa4 Rb4 19. Qa5 d4 20. Nd5 dxe3 21. Nxe3 Qd4 22. Nxg4 Rfb8 23. Qa3 Rxb2 24. Rxb2 Rxb2 25. Qxe7 Re2 0-1

[Event "Montevideo Trebejos op 03"]
[Site "Montevideo"]
[Date "2017.03.09"]
[Round "3"]
[White "Nakle, Gonzalo"]
[Black "Rodriguez Farias, Victor Hugo"]
[Result "0-1"]
[WhiteElo "1735"]
[BlackElo "1859"]
[PlyCount "66"]
[EventDate "2017.03.06"]
[EventType "swiss"]
[EventRounds "7"]
[EventCountry "URU"]
[SourceTitle "CBM 177 Extra"]
[Source "ChessBase"]
[SourceDate "2017.04.27"]
[SourceVersion "1"]
[SourceVersionDate "2017.04.27"]
[SourceQuality "1"]

1. d4 e6 2. c4 f5 3. Nc3 d5 4. cxd5 exd5 5. g3 Nf6 6. Bg2 c6 7. Nf3 Bd6 8. 0-0 0-0 9. Rb1 Ne4 10. Ne5 Nd7 11. Bf4 Qe7 12. Nxe4 fxe4 13. Nxd7 Bxd7 14. Be3 Bg4 15. Qd2 Rae8 16. b4 Qd7 17. b5 cxb5 18. Rfc1 b4 19. Rc2 Rc8 20. Rbc1 Rc6 21. Rxc6 bxc6 22. Qc2 Rc8 23. Qb3 Qf7 24. Qa4 Qb7 25. Qb3 Kh8 26. f3 Bd7 27. Bd2 c5 28. dxc5 Bxc5+ 29. Kh1 a5 30. f4 Be6 31. Qa4 Qb6 32. Rf1 h6 33. f5 Bg8 0-1

[Event "Montevideo Duchamp Cup 1st"]
[Site "Montevideo"]
[Date "2017.02.13"]
[Round "7"]
[White "Nakle, Gonzalo"]
[Black "Torella, Rodolfo"]
[Result "0-1"]
[WhiteElo "1716"]
[BlackElo "2056"]
[PlyCount "70"]
[EventDate "2017.02.09"]
[EventType "swiss"]
[EventRounds "9"]
[EventCountry "URU"]
[SourceTitle "CBM 176 Extra"]
[Source "ChessBase"]
[SourceDate "2017.03.02"]
[SourceVersion "1"]
[SourceVersionDate "2017.03.02"]
[SourceQuality "1"]

1. d4 Nf6 2. c4 c5 3. d5 e6 4. Nc3 exd5 5. cxd5 d6 6. g3 g6 7. Bg2 Bg7 8. e4 0-0 9. Nge2 Re8 10. 0-0 Na6 11. h3 Bd7 12. Kh2 b5 13. f3 b4 14. Nb1 Bb5 15. Be3 Nxd5 16. Bc1 Nac7 17. Rf2 Nb6 18. a4 Bxe2 19. Rxe2 Ne6 20. a5 Nc4 21. Qd3 Nxa5 22. Nd2 Nd4 23. Rf2 Qc7 24. Rxa5 Qxa5 25. Nc4 Qa6 26. b3 Rad8 27. f4 Qa1 28. Bb2 Qe1 29. Rd2 d5 30. exd5 Re2 31. Bxd4 Rxd2 32. Nxd2 Bxd4 33. Nf3 Qf2 34. f5 Re8 35. fxg6 Re2 0-1

[Event "Montevideo Duchamp Cup 1st"]
[Site "Montevideo"]
[Date "2017.02.12"]
[Round "5"]
[White "Nakle, Gonzalo"]
[Black "Muzzi, Eduardo"]
[Result "1/2-1/2"]
[WhiteElo "1716"]
[BlackElo "1936"]
[PlyCount "37"]
[EventDate "2017.02.09"]
[EventType "swiss"]
[EventRounds "9"]
[EventCountry "URU"]
[SourceTitle "CBM 176 Extra"]
[Source "ChessBase"]
[SourceDate "2017.03.02"]
[SourceVersion "1"]
[SourceVersionDate "2017.03.02"]
[SourceQuality "1"]

1. Nf3 Nf6 2. d4 c5 3. g3 g6 4. d5 Bg7 5. c4 b5 6. cxb5 d6 7. Nc3 a6 8. bxa6 Bxa6 9. e4 Bxf1 10. Kxf1 Nbd7 11. Kg2 0-0 12. h4 Ra6 13. Bg5 Qa8 14. Qd2 e6 15. h5 exd5 16. exd5 Ng4 17. Rh4 Nde5 18. Nxe5 Nxe5 19. Bh6 1/2-1/2

[Event "Montevideo Trebejos op 11"]
[Site "Montevideo"]
[Date "2016.11.17"]
[Round "3"]
[White "Avedisian, Alexander"]
[Black "Nakle, Gonzalo"]
[Result "1-0"]
[WhiteElo "1906"]
[BlackElo "1737"]
[PlyCount "75"]
[EventDate "2016.11.14"]
[EventType "swiss"]
[EventRounds "7"]
[EventCountry "URU"]
[SourceTitle "EXT 2018"]
[Source "ChessBase"]
[SourceDate "2017.10.13"]
[SourceVersion "1"]
[SourceVersionDate "2017.10.13"]
[SourceQuality "1"]

1. g3 e5 2. c4 Nf6 3. Bg2 Bc5 4. Nc3 c6 5. Na4 Bb6 6. c5 Bc7 7. d4 b5 8. Nc3 exd4 9. Qxd4 0-0 10. Nxb5 cxb5 11. Bxa8 Re8 12. Bf4 Ba5+ 13. b4 Bc7 14. Nf3 a5 15. a3 Qe7 16. e3 Nc6 17. Bxc6 dxc6 18. Bxc7 Qxc7 19. Qd6 Qxd6 20. cxd6 a4 21. Nd4 Bb7 22. 0-0 Ne4 23. Nf5 g6 24. Ne7+ Kf8 25. Rac1 Nd2 26. Rfd1 Nc4 27. Rd3 Rd8 28. f4 h5 29. e4 Rxd6 30. Rxd6 Nxd6 31. Nxc6 Nxe4 32. Nd4 Nd6 33. Rc5 Nc4 34. Nxb5 Nd2 35. Nd6 Bf3 36. Rc3 Ke7 37. Rd3 Nb3 38. Nc8+ 1-0

[Event "Montevideo Los Trebejos 44 Anniv"]
[Site "Montevideo"]
[Date "2016.08.15"]
[Round "3.9"]
[White "Gomez Troccoli, Martin"]
[Black "Nakle, Gonzalo"]
[Result "1-0"]
[WhiteElo "1908"]
[BlackElo "1679"]
[PlyCount "59"]
[EventDate "2016.08.15"]
[EventType "swiss"]
[EventRounds "7"]
[EventCountry "URU"]
[SourceTitle "EXT 2024"]
[Source "ChessBase"]
[SourceDate "2023.10.10"]
[SourceVersion "1"]
[SourceVersionDate "2023.10.10"]
[SourceQuality "1"]

1. e4 c5 2. Nf3 e6 3. d4 cxd4 4. Nxd4 Nf6 5. Bd3 d6 6. 0-0 Be7 7. f4 0-0 8. Qf3 e5 9. Nf5 Bxf5 10. exf5 Nc6 11. Be3 Re8 12. fxe5 dxe5 13. Nc3 Nd4 14. Qh3 Bc5 15. Rad1 Qc8 16. Ne4 Nxe4 17. Bxe4 Ne2+ 18. Kh1 Bxe3 19. Qxe3 Qc4 20. Bd3 Qxa2 21. Qxe2 Qxb2 22. f6 Re6 23. Qh5 e4 24. Bc4 g6 25. Qh4 Rc6 26. Bxf7+ Kh8 27. Bxg6 Rc7 28. Qh6 a5 29. f7 Qg7 30. f8Q+ 1-0

[Event "Punta del Este op 4th"]
[Site "Punta del Este"]
[Date "2015.11.13"]
[Round "1"]
[White "Nakle, Gonzalo"]
[Black "Castro, Cesar"]
[Result "0-1"]
[WhiteElo "1680"]
[BlackElo "2092"]
[PlyCount "60"]
[EventDate "2015.11.13"]
[EventType "swiss"]
[EventRounds "5"]
[EventCountry "URU"]
[SourceTitle "CBM 169 Extra"]
[Source "ChessBase"]
[SourceDate "2015.12.18"]
[SourceVersion "1"]
[SourceVersionDate "2015.12.18"]
[SourceQuality "1"]

1. d4 d5 2. c4 e6 3. Nc3 Nf6 4. Bg5 Nbd7 5. cxd5 exd5 6. e3 Be7 7. Bd3 0-0 8. Nge2 Re8 9. 0-0 c6 10. f3 Nh5 11. f4 Bxg5 12. fxg5 Qxg5 13. Rf5 Qxe3+ 14. Kh1 Nhf6 15. Rf3 Qe7 16. Ng3 Nf8 17. Qf1 Bg4 18. Nf5 Bxf5 19. Bxf5 b5 20. Rc1 Ne6 21. Re1 Qd6 22. Rh3 Nxd4 23. Ree3 Nxf5 24. Qxf5 d4 25. Ne4 dxe3 26. Nxf6+ Qxf6 27. Qxh7+ Kf8 28. Qh8+ Ke7 29. Rxe3+ Kd6 30. Rd3+ Kc7 0-1

[Event "American Continental 11th"]
[Site "Montevideo"]
[Date "2015.05.22"]
[Round "9"]
[White "Nakle, Gonzalo"]
[Black "Ortiz, Jorge Daniel"]
[Result "1/2-1/2"]
[WhiteElo "1737"]
[BlackElo "1894"]
[PlyCount "119"]
[EventDate "2015.05.15"]
[EventType "swiss"]
[EventRounds "11"]
[EventCountry "URU"]
[SourceTitle "CBM 167"]
[Source "ChessBase"]
[SourceDate "2015.07.13"]
[SourceVersion "1"]
[SourceVersionDate "2015.07.13"]
[SourceQuality "1"]

1. e4 d6 2. Nf3 g6 3. Bc4 Bg7 4. 0-0 Nf6 5. Nc3 Nxe4 6. Bxf7+ Kxf7 7. Nxe4 Rf8 8. c3 c6 9. d4 Kg8 10. Re1 h6 11. Qb3+ d5 12. Nc5 b6 13. Nd3 Bf5 14. Bf4 Bxd3 15. Bxb8 Rxb8 16. Re3 Be4 17. Rxe4 Qd6 18. Rae1 Rf6 19. Rxe7 Ra8 20. Qd1 Bf8 21. Re8 Rxe8 22. Rxe8 Re6 23. Rxe6 Qxe6 24. Ne5 h5 25. Qa4 Qf5 26. h3 Qb1+ 27. Kh2 Qf5 28. Nf3 Qf4+ 29. Kh1 Qc1+ 30. Ng1 Qxb2 31. Qxc6 Kh7 32. a4 Qxf2 33. Qxd5 Qc2 34. Qc6 Bh6 35. Qc7+ Kh8 36. Qd8+ Kh7 37. Qe7+ Kh8 38. Qe5+ Kh7 39. Qc7+ Kh8 40. d5 Qc1 41. Qb8+ Kh7 42. Qxa7+ Kh8 43. Qxb6 Be3 44. Qb8+ Kh7 45. Qh2 Qxc3 46. g3 Qd4 47. Qg2 Qxa4 48. Ne2 Qd1+ 49. Kh2 Qd3 50. Qf3 Kg7 51. d6 Qd2 52. d7 Bg5 53. Qc3+ Qxc3 54. Nxc3 Kf7 55. Ne4 Bd8 56. Nc5 Ke7 57. Kg2 Kd6 58. Nb7+ Kxd7 59. Kf3 Bb6 60. Kf4 1/2-1/2

[Event "Montevideo Trebejos Verano op"]
[Site "Montevideo"]
[Date "2015.01.28"]
[Round "2"]
[White "Nakle, Gonzalo"]
[Black "Benitez, Julio"]
[Result "0-1"]
[WhiteElo "1808"]
[BlackElo "1619"]
[PlyCount "126"]
[EventDate "2015.01.26"]
[EventType "swiss"]
[EventRounds "7"]
[EventCountry "URU"]
[SourceTitle "CBM 164 Extra"]
[Source "ChessBase"]
[SourceDate "2015.03.02"]
[SourceVersion "1"]
[SourceVersionDate "2015.03.02"]
[SourceQuality "1"]

1. e4 e6 2. d4 d5 3. Nc3 Nf6 4. e5 Nfd7 5. Nf3 c5 6. Be3 Nc6 7. Be2 cxd4 8. Bxd4 Nxd4 9. Qxd4 Bc5 10. Qg4 0-0 11. 0-0 a6 12. Bd3 f5 13. exf6 Nxf6 14. Qh4 h6 15. Rae1 Be7 16. Qg3 Bd6 17. Qg6 Bd7 18. Ne5 Bxe5 19. Rxe5 Be8 20. Qg3 Bf7 21. Bg6 Re8 22. Rfe1 Qb6 23. Bxf7+ Kxf7 24. Na4 Qc6 25. Qb3 b5 26. Qc3 Rac8 27. Qxc6 Rxc6 28. Nc3 d4 29. Ne4 Nxe4 30. R5xe4 Rxc2 31. a4 Rxb2 32. axb5 Rxb5 33. Rxd4 g5 34. Ra4 a5 35. f3 Kf6 36. Rc1 h5 37. h4 gxh4 38. Rxh4 Kg5 39. Ra4 e5 40. Rc6 Kf5 41. Ra6 Rg8 42. R6xa5 Rb1+ 43. Kf2 Rb2+ 44. Ke3 Rgxg2 45. Rf4+ Kg6 46. Ra6+ Kg5 47. Rff6 Rge2+ 48. Kd3 Rbd2+ 49. Kc4 Rd4+ 50. Kb5 Rf4 51. Rg6+ Kh4 52. Ra3 Rf2 53. Kc5 R2xf3 54. Ra1 e4 55. Kd4 Rg4 56. Rh6 Rh3 57. Ra5 e3+ 58. Kd3 Rg5 59. Ra4+ Rg4 60. Ra5 Rg5 61. Ra4+ Kg3 62. Re4 Kg2 63. Ke2 Rf5 0-1